Vstup a konkurencia na trh finančných sprostredkovateľov diplomová práca

Na minha lista:
Detalhes bibliográficos
Autor principal: Holecová, Andrea
Autor Corporativo: Národohospodárska fakulta EU. Katedra hospodárskej politiky
Outros Autores: Kališ, Richard, 1991-
Formato: Livro
Idioma:eslovaco
Publicado em: Bratislava 2025
Tags: Adicionar Tag
Sem tags, seja o primeiro a adicionar uma tag!

MARC

LEADER 00000nbm a2200000 4500
001 0309480
005 20251027085634.7
041 0 |a slo 
044 |a SK 
245 1 0 |a Vstup a konkurencia na trh finančných sprostredkovateľov  |b diplomová práca  |c Andrea Holecová ; školiteľ: Richard Kališ 
264 1 |a Bratislava  |c 2025 
300 |a 63 s. 
100 1 |a Holecová, Andrea 
700 1 |a Kališ, Richard, 1991- 
710 2 |a Národohospodárska fakulta EU. Katedra hospodárskej politiky